[Event "NZL-ch Rapid op 132nd"]
[Site "Wellington"]
[Date "2025.01.12"]
[Round "8"]
[White "Steele, Hayden"]
[Black "Krstev, Mario"]
[Result "1-0"]
[WhiteElo "1789"]
[BlackElo "2095"]
[PlyCount "124"]
[EventDate "2025.01.11"]
[EventType "swiss (rapid)"]
[EventRounds "9"]
[EventCountry "NZL"]
[SourceTitle "CB03_2025"]
[SourceDate "2025.01.15"]
[SourceVersion "1"]
[SourceVersionDate "2025.01.15"]
[SourceQuality "1"]

1. e4 e6 2. d4 d5 3. Nc3 Bb4 4. e5 c5 5. a3 Bxc3+ 6. bxc3 Qa5 7. Bd2 Qa4 8. Qg4 Ne7 9. Qxg7 Rg8 10. Qxh7 cxd4 11. Rb1 Nbc6 12. Bb5 Qxa3 13. cxd4 Bd7 14. Bxc6 Bxc6 15. Qh3 Qa4 16. Qd3 Rxg2 17. Kf1 Rg4 18. Bc3 Qc4 19. Ke2 Nf5 20. Nf3 a6 21. Rhg1 Rxg1 22. Rxg1 0-0-0 23. Ba5 Rh8 24. h4 Qa4 25. Qc3 Qc4+ 26. Qd3 Qxd3+ 27. Kxd3 Nxh4 28. Ng5 Rg8 29. Rh1 Rxg5 30. Rxh4 Bb5+ 31. Ke3 Be8 32. Rh1 b5 33. Rh8 Kd7 34. Rh1 Rg4 35. Bb4 Kc6 36. Rh8 Kd7 37. Rh1 Kc6 38. Rh8 Bd7 39. Ba5 Rg1 40. Rb8 Ra1 41. Rb6+ Kc7 42. Rxb5+ Rxa5 43. Rxa5 Kb6 44. Ra1 a5 45. c3 Kb5 46. Kd2 a4 47. Rb1+ Ka5 48. Rb7 Bb5 49. Rxf7 Bc4 50. Kc2 Bb3+ 51. Kb2 Kb5 52. Re7 Kc4 53. Rc7+ Kd3 54. f4 Ke4 55. Rf7 Bd1 56. Ka3 Bg4 57. Kxa4 Bf5 58. Kb4 Kxf4 59. c4 dxc4 60. Kxc4 Ke4 61. Kc5 Bh3 62. Rf6 Bg4 1-0

[Event "North Shore op"]
[Site "Auckland"]
[Date "2009.08.29"]
[Round "1"]
[White "Krstev, Mario"]
[Black "Taylor, Richard"]
[Result "1-0"]
[WhiteElo "2096"]
[BlackElo "1942"]
[PlyCount "57"]
[EventDate "2009.08.29"]
[EventType "swiss"]
[EventRounds "5"]
[EventCountry "NZL"]
[SourceTitle "EXT 2018"]
[Source "ChessBase"]
[SourceDate "2017.10.13"]
[SourceVersion "1"]
[SourceVersionDate "2017.10.13"]
[SourceQuality "1"]

1. d4 Nf6 2. c4 e6 3. Nc3 Bb4 4. f3 c5 5. d5 exd5 6. cxd5 d6 7. e4 Qe7 8. Nge2 Nbd7 9. Ng3 Bxc3+ 10. bxc3 0-0 11. Be2 Ne5 12. 0-0 h6 13. c4 Re8 14. f4 Ng6 15. Bd3 a6 16. Bb2 Rb8 17. a4 Bd7 18. a5 b5 19. axb6 Rxb6 20. Bc3 Ng4 21. Qe1 Qh4 22. h3 Nf6 23. Qf2 Rb3 24. Rac1 a5 25. e5 Nh5 26. Nxh5 Qxh5 27. Qc2 a4 28. e6 Rxc3 29. exd7 1-0

[Event "Oceania zt"]
[Site "Gold Coast"]
[Date "2009.06.25"]
[Round "8"]
[White "Liu, Yung Hung"]
[Black "Krstev, Mario"]
[Result "1-0"]
[WhiteElo "1833"]
[BlackElo "2085"]
[PlyCount "46"]
[EventDate "2009.06.20"]
[EventType "swiss"]
[EventRounds "9"]
[EventCountry "AUS"]
[SourceTitle "CBM 130 Extra"]
[Source "ChessBase"]
[SourceDate "2009.07.02"]
[SourceVersion "2"]
[SourceVersionDate "2009.07.15"]
[SourceQuality "1"]

1. d4 d5 2. Nf3 Nf6 3. e3 Bg4 4. h3 Bh5 5. Be2 e6 6. 0-0 Bd6 7. b3 Qe7 8. Bb2 0-0 9. Nbd2 Nbd7 10. Ne5 Bxe2 11. Qxe2 c5 12. Nxd7 Nxd7 13. dxc5 Nxc5 14. e4 Nxe4 15. Nxe4 dxe4 16. Qxe4 f5 17. Qe2 e5 18. Rfe1 Rae8 19. Rad1 Kh8 20. Rd5 Qc7 21. c4 e4 22. Red1 Rd8 23. Qd2 Be7 1-0

[Event "Oceania zt"]
[Site "Gold Coast"]
[Date "2009.06.24"]
[Round "7"]
[White "Krstev, Mario"]
[Black "Spiller, Paul"]
[Result "1-0"]
[WhiteElo "2085"]
[BlackElo "2005"]
[PlyCount "90"]
[EventDate "2009.06.20"]
[EventType "swiss"]
[EventRounds "9"]
[EventCountry "AUS"]
[SourceTitle "CBM 130 Extra"]
[Source "ChessBase"]
[SourceDate "2009.07.02"]
[SourceVersion "2"]
[SourceVersionDate "2009.07.15"]
[SourceQuality "1"]

1. d4 c5 2. d5 e5 3. dxe6 fxe6 4. c4 d5 5. e3 Nf6 6. Nf3 Nc6 7. a3 Be7 8. Qc2 Qc7 9. Bd3 Bd7 10. Nc3 a6 11. b3 0-0-0 12. Bb2 Rhf8 13. Na4 d4 14. exd4 Nxd4 15. Bxd4 cxd4 16. 0-0 Ng4 17. h3 Rxf3 18. hxg4 Rf4 19. f3 Bh4 20. c5 Bxa4 21. bxa4 Bg3 22. Rfc1 Qe7 23. c6 b5 24. Qc5 Qh4 25. Qh5 Qxh5 26. gxh5 Rd5 27. Rab1 Rh4 28. axb5 Rdxh5 29. Kf1 Re5 30. Be4 axb5 31. Ke2 Rh2 32. a4 Rxg2+ 33. Kd3 Bf4 34. Rd1 bxa4 35. Rb7 Be3 36. f4 Rc5 37. Bxg2 Rc3+ 38. Ke2 Rc2+ 39. Kf3 Rf2+ 40. Ke4 Rxg2 41. Ra1 Rc2 42. Rxa4 Rxc6 43. Raa7 Rd6 44. Rxg7 Kb8 45. Rab7+ Kc8 1-0

[Event "Oceania zt"]
[Site "Gold Coast"]
[Date "2009.06.20"]
[Round "1"]
[White "Sannidhanam, Anurag"]
[Black "Krstev, Mario"]
[Result "0-1"]
[WhiteElo "1705"]
[BlackElo "2085"]
[PlyCount "116"]
[EventDate "2009.06.20"]
[EventType "swiss"]
[EventRounds "9"]
[EventCountry "AUS"]
[SourceTitle "CBM 130 Extra"]
[Source "ChessBase"]
[SourceDate "2009.07.02"]
[SourceVersion "2"]
[SourceVersionDate "2009.07.15"]
[SourceQuality "1"]

1. Nf3 d5 2. g3 Nf6 3. Bg2 c5 4. 0-0 Nc6 5. d4 e6 6. Bg5 Be7 7. c3 Qb6 8. Qb3 Qxb3 9. axb3 cxd4 10. Nxd4 Nxd4 11. cxd4 Bd7 12. Nc3 Bc6 13. Rfc1 0-0 14. e4 dxe4 15. Nxe4 Nd5 16. Bxe7 Nxe7 17. Nd6 Rfb8 18. b4 Bxg2 19. Kxg2 Rd8 20. Nxb7 Rxd4 21. Rc7 Nd5 22. Rc6 g6 23. b5 Rb4 24. Nd6 Rxb2 25. Rca6 Rd8 26. Nc4 Rb4 27. R6a4 Rxb5 28. Rxa7 Rc5 29. Rb7 Nc3 30. Raa7 Nb5 31. Ra5 Rxc4 32. Raxb5 Rd2 33. Rb2 Rxb2 34. Rxb2 Kg7 35. f3 e5 36. Re2 Kf6 37. h4 h5 38. Rd2 Ke6 39. Rb2 Rd4 40. Kf2 Rd3 41. Ke2 Rc3 42. Rb6+ Kf5 43. Rb5 Rc2+ 44. Ke3 Rg2 45. f4 Rxg3+ 46. Kf2 Kxf4 47. Rxe5 Kxe5 48. Kxg3 Ke4 49. Kh3 Kf4 50. Kg2 Kg4 51. Kh1 Kxh4 52. Kh2 f5 53. Kg2 Kg4 54. Kh1 f4 55. Kh2 f3 56. Kh1 Kf4 57. Kg1 Ke3 58. Kh2 f2 0-1